| 000 | 00428cam a2200181 4500 | ||
|---|---|---|---|
| 001 | D14804 | ||
| 008 | 090401t1971 xxu||||| |||| 00| 0 eng d | ||
| 035 | _a(Sirsi) u18034 | ||
| 041 | _aeng | ||
| 050 | _a526.982 | ||
| 100 | _aLamboit, Paul | ||
| 245 | _aHistory of the Photogrammetric Society | ||
| 260 |
_bPhotogrammetric Society _c1971 |
||
| 300 | _a14 leaves. 30cm | ||
| 350 | _a0 | ||
| 942 | _n0 | ||
| 948 | _c04/03/1997 | ||
| 999 |
_c87566 _d87566 |
||